Central Library OPAC University of Rajshahi

Unfair competition : (Record no. 45188)

MARC details
000 -LEADER
fixed length control field 01141nam a2200301Ma 4500
001 - CONTROL NUMBER
control field 45188
003 - CONTROL NUMBER IDENTIFIER
rucl marc code BD-RjUL
005 - DATE AND TIME OF LATEST TRANSACTION
control field 20211209053957.0
008 - FIXED-LENGTH DATA ELEMENTS--GENERAL INFORMATION
fixed length control field 160724s1941 mau b 001 0 eng
035 ## - SYSTEM CONTROL NUMBER
System control number MITb10941349
System control number (OCoLC)22130924
System control number (OCoLC)00373044
-- (BD-RjUL)45306
040 ## - CATALOGING SOURCE
Original cataloging agency DLC
Transcribing agency INL
Modifying agency CSU
-- MYG
-- BD-RjUL
Language of cataloging eng
041 ## - LANGUAGE CODE
Language code of text/sound track or separate title eng
082 ## - DEWEY DECIMAL CLASSIFICATION NUMBER
Classification number 338.7
Author mark and year MIU 1941
100 1# - MAIN ENTRY--PERSONAL NAME
Personal name Miller, John Perry,
Dates associated with a name 1911-1997.
9 (RLIN) 138425
245 10 - TITLE STATEMENT
Title Unfair competition :
Remainder of title a study in criteria for the control of trade practices /
Statement of responsibility, etc. by John Perry Miller.
260 ## - PUBLICATION, DISTRIBUTION, ETC. (IMPRINT)
Place of publication, distribution, etc. Cambridge, Mass. :
Name of publisher, distributor, etc. Harvard University Press ;
Place of publication, distribution, etc. London :
Name of publisher, distributor, etc. H. Milford, Oxford University Press,
Date of publication, distribution, etc. 1941.
300 ## - PHYSICAL DESCRIPTION
Pagination xiii, 438 p. ;
Size 22 cm.
490 1# - SERIES STATEMENT
Series statement Harvard studies in monopoly and competition ;
Volume/sequential designation 3
500 ## - GENERAL NOTE
General note Originally presented as the author's thesis (doctoral)--Harvard University.
General note Includes index.
504 ## - BIBLIOGRAPHY, ETC. NOTE
Bibliography, etc Bibliography: p. [425]-430.
650 #0 - SUBJECT ADDED ENTRY--TOPICAL TERM
Topical term or geographic name as entry element Competition, Unfair
Geographic subdivision United States.
9 (RLIN) 138426
830 #0 - SERIES ADDED ENTRY--UNIFORM TITLE
Uniform title Harvard studies in monopoly and competition ;
Volume number/sequential designation no. 3.
942 ## - ADDED ENTRY ELEMENTS (KOHA)
Source of classification or shelving scheme Dewey Decimal Classification
Koha item type Books
Holdings
Lost status Source of classification or shelving scheme Damaged status Not for loan Collection code Permanent Location Current Location Shelving location Date acquired Source of acquisition Cost, normal purchase price Total Checkouts Full call number Date last seen Copy number Koha item type
  Dewey Decimal Classification     Non-fiction Central Library, University of Rajshahi Central Library, University of Rajshahi   15/06/1955 Allies book cor. 18.00   338.7 MIU 1941 24/07/2016 C-2 Books